000
00332nam a2200145Ia 4500
008
150201s1988 xx 000 0 und d
082
_a
617.525
_b
O1988P
100
_a
PEDERSON
245
_a
ORAL SURGERY
250
_a
1ST
260
_b
SAUNDERS
_a
PHILADELPHIA
_c
1988
300
_a
1-405
650
_a
ORAL SURGERY
942
_2
ddc
_c
BK
999
_c
3834
_d
3834